La vida de las hormigas / (Registro nro. 18232)

Detalles MARC
000 -CABECERA
Campo de control 00805cam a2200241 a 4500
005 - FECHA Y HORA DE LA ULTIMA TRANSACCION
Campo de control 20160317081117.0
008 - ELEMENTOS DE LONGITUD FIJA—INFORMACION GENERAL
Campo de control 980302s1967 sp r 00010 spa d
040 ## - FUENTE DE CATALOGACIÓN
Agencia catalogadora original CO-BoBLA
Agencia transcriptora CO-BoBLA
Agencia Modificadora Co-BoIAvH
041 0# - IDIOMA
Código de idioma para texto/pista de sonido o título separado Español
044 ## - PAÍS DE PUBLICACIÓN
País de publicación España
082 04 - NUMERO DE CLASIFICACION DECIMAL DEWEY
Número de clasificación 595.796
Número del ítem M18v
100 1# - ASIENTO PRINCIPAL--NOMBRE PERSONAL
Nombre personal Maeterlinck, Maurice,
Fechas asociadas con el nombre 1862-1949.
9 (RLIN) 64292
245 13 - MENCION DE TITULO
Título La vida de las hormigas /
Mención de responsabilidad Maurice Maeterlinck ; traducido por J. Campo Moreno.
250 ## - MENCION DE EDICION
Mención de edición Cuarta edición.
260 ## - PUBLICACION, DISTRIBUCION, ETC. (PIE DE IMPRENTA)
Lugar de publicación, distribución, etc. Madrid :
Nombre del editor, distribuidor, etc. Espasa-Calpe,
Fecha de publicación, distribución, etc. 1967.
300 ## - DESCRIPCION FISICA
Extensión 148 páginas ;
Dimensiones 18 centímetros.
490 0# - MENCION DE SERIE
Mención de serie Colección austral,
Designación numérica/secuencial del volumen 557
504 ## - NOTA DE BIBLIOGRAFIA, ETC.
Nota de bibliografía Incluye bibliografía.
650 26 - ASIENTO SECUNDARIO DE MATERIA - TERMINO TEMATICO
Término temático o nombre geográfico como elemento de entrada Hormigas
Subdivisión general Hábitos y conducta.
9 (RLIN) 64293
650 16 - ASIENTO SECUNDARIO DE MATERIA - TERMINO TEMATICO
Término temático o nombre geográfico como elemento de entrada Sociedades de insectos.
9 (RLIN) 56020
700 1# - ASIENTO SECUNDARIO - NOMBRE PERSONAL
Nombre personal Campo Moreno, J.,
Término de relación traductor
9 (RLIN) 64291
942 ## - ELEMENTOS ADICIONALES (KOHA)
Sistema de clasificación Dewey Decimal Classification
Tipo de ítem Libro
Existencias
Withdrawn status Lost status Sistema de Clasificación Damaged status No para préstamo Colección Inventariado Ubicación Permanente Ubicación actual Fecha de adquisición Fuente de Valor Total Checkouts Número topográfico Inventario / Código de Barras Date last seen Ejemplar Price effective from Forma de adquisición Tipo de material
    Dewey Decimal Classification     Fondo Ramiro Osorio Osma Inventariado 2017 Bogotá Bogotá 16/03/2016 Amazon   FRO-595.796 M18v 039702 16/03/2016 Ej. 1 16/03/2016   Libro